<?xml version="1.0" encoding="UTF-8"?>
<record
    xmlns:xsi="http://www.w3.org/2001/XMLSchema-instance"
    xsi:schemaLocation="http://www.loc.gov/MARC21/slim http://www.loc.gov/standards/marcxml/schema/MARC21slim.xsd"
    xmlns="http://www.loc.gov/MARC21/slim">

  <leader>01138nam0a2200325 i 4500</leader>
  <controlfield tag="001">RU\NLR\BIBL_A\010200712</controlfield>
  <controlfield tag="005">20241103110035.0</controlfield>
  <datafield tag="010" ind1=" " ind2=" ">
    <subfield code="a">9785386060305</subfield>
  </datafield>
  <datafield tag="021" ind1=" " ind2=" ">
    <subfield code="a">RU</subfield>
    <subfield code="b">2014-642</subfield>
    <subfield code="9">35</subfield>
  </datafield>
  <datafield tag="035" ind1=" " ind2=" ">
    <subfield code="a">(NLR Aleph) 010200712</subfield>
  </datafield>
  <datafield tag="090" ind1=" " ind2=" ">
    <subfield code="a">10242320</subfield>
    <subfield code="c">10242320</subfield>
  </datafield>
  <datafield tag="100" ind1=" " ind2=" ">
    <subfield code="a">20140305d2014    k  y0rusy50      ca</subfield>
  </datafield>
  <datafield tag="101" ind1="1" ind2=" ">
    <subfield code="a">rus</subfield>
    <subfield code="c">eng</subfield>
  </datafield>
  <datafield tag="102" ind1=" " ind2=" ">
    <subfield code="a">RU</subfield>
  </datafield>
  <datafield tag="105" ind1=" " ind2=" ">
    <subfield code="a">a|||z|||000yy</subfield>
  </datafield>
  <datafield tag="200" ind1="1" ind2=" ">
    <subfield code="a">&#x421;&#x443;&#x434;&#x44C;&#x431;&#x430; &#x43D;&#x430; &#x43B;&#x430;&#x434;&#x43E;&#x43D;&#x438;</subfield>
    <subfield code="d">The Palmistry workbook</subfield>
    <subfield code="e">&#x445;&#x438;&#x440;&#x43E;&#x43C;&#x430;&#x43D;&#x442;&#x438;&#x44F;</subfield>
    <subfield code="f">&#x41B;&#x435;&#x442;&#x438;&#x446;&#x438;&#x44F; &#x412;&#x430;&#x43B;&#x432;&#x435;&#x440;&#x434;&#x435;</subfield>
    <subfield code="g">[&#x43F;&#x435;&#x440;. &#x441; &#x430;&#x43D;&#x433;&#x43B;. &#x41E;. &#x421;. &#x415;&#x43F;&#x438;&#x43C;&#x430;&#x445;&#x43E;&#x432;&#x430;]</subfield>
    <subfield code="z">eng</subfield>
  </datafield>
  <datafield tag="210" ind1=" " ind2=" ">
    <subfield code="a">&#x41C;&#x43E;&#x441;&#x43A;&#x432;&#x430;</subfield>
    <subfield code="c">&#x420;&#x418;&#x41F;&#x41E;&#x41B; &#x43A;&#x43B;&#x430;&#x441;&#x441;&#x438;&#x43A;</subfield>
    <subfield code="d">2014</subfield>
  </datafield>
  <datafield tag="215" ind1=" " ind2=" ">
    <subfield code="a">238 &#x441;.</subfield>
    <subfield code="c">&#x438;&#x43B;.</subfield>
    <subfield code="d">21</subfield>
  </datafield>
  <datafield tag="300" ind1=" " ind2=" ">
    <subfield code="a">&#x410;&#x432;&#x442;. &#x442;&#x430;&#x43A;&#x436;&#x435; &#x43D;&#x430; &#x430;&#x43D;&#x433;&#x43B;. &#x44F;&#x437;.: Valverde Laeticia</subfield>
  </datafield>
  <datafield tag="320" ind1=" " ind2=" ">
    <subfield code="a">&#x411;&#x438;&#x431;&#x43B;&#x438;&#x43E;&#x433;&#x440;.: &#x441;. 221</subfield>
  </datafield>
  <datafield tag="510" ind1="1" ind2=" ">
    <subfield code="6">z20790</subfield>
    <subfield code="a">The Palmistry workbook</subfield>
    <subfield code="z">eng</subfield>
  </datafield>
  <datafield tag="606" ind1=" " ind2=" ">
    <subfield code="a">&#x425;&#x438;&#x440;&#x43E;&#x43C;&#x430;&#x43D;&#x442;&#x438;&#x44F;</subfield>
    <subfield code="9">1268094</subfield>
    <subfield code="3">RU\NLR\AUTH\66203870</subfield>
  </datafield>
  <datafield tag="686" ind1="2" ind2=" ">
    <subfield code="a">&#x42D;391.226</subfield>
  </datafield>
  <datafield tag="700" ind1=" " ind2="1">
    <subfield code="a">&#x412;&#x430;&#x43B;&#x432;&#x435;&#x440;&#x434;&#x435;</subfield>
    <subfield code="b">&#x41B;.</subfield>
    <subfield code="g">&#x41B;&#x435;&#x442;&#x438;&#x446;&#x438;&#x44F;</subfield>
  </datafield>
  <datafield tag="790" ind1=" " ind2="1">
    <subfield code="6">z20510</subfield>
    <subfield code="a">Valverde</subfield>
    <subfield code="b">L.</subfield>
    <subfield code="g">Laeticia</subfield>
  </datafield>
  <datafield tag="942" ind1=" " ind2=" ">
    <subfield code="c">BOOK</subfield>
  </datafield>
  <datafield tag="980" ind1=" " ind2=" ">
    <subfield code="a">NBR</subfield>
  </datafield>
</record>
